Statistics for Biggest Cities in the World in 1500

Click here to take the quiz!

General Stats

  • This quiz has been taken 35 times
    (24 since last reset)
  • The average score is 18 of 30

Answer Stats

CountryPopulationAnswer% Correct
Ottomans200,000Istanbul
100%
Ming672,000Beijing
95%
Delhi90,000Delhi
95%
Aztecs300,000Tenochtitlan
95%
Naples138,000Naples
91%
France100,000Paris
91%
Morocco130,000Fes
86%
Joseon150,000Seoul
86%
Mamluks400,000Cairo
82%
Milan100,000Milan
82%
Ming150,000Guangzhou
77%
Venice100,000Venice
77%
Ming127,000Xi'an
73%
Delhi250,000Agra
68%
Gujarat90,000Ahmedabad
68%
Ottomans125,000Edirne
68%
Ming157,000Nanjing
68%
Ming250,000Hangzhou
55%
Bukhara130,000Samarkand
55%
Safavids250,000Tabriz
50%
Ayutthaya150,000Ayutthaya
45%
Vijayanagar750,000Vijayanagar
41%
Ottomans130,000Bursa
36%
Ming129,000Suzhou
36%
Hanthawaddy150,000Bago
14%
Bengal200,000Gaur
14%
Inca80,000Chan Chan
9%
Gajapati140,000Cuttack
9%
Delhi100,000Jaunpur
5%
Bahmani90,000Kalaburagi
5%

Score Distribution

Percentile by Number Answered

Percent of People with Each Score

Your Score History

You have not taken this quiz since the last reset